| 000 | 02665nam0a2200373 4500 | ||
|---|---|---|---|
| 001 | RU\NLR\BIBL_A\012612522 | ||
| 005 | 20211116142104.0 | ||
| 010 |
_a978-5-88458-521-8 _9560 |
||
| 021 |
_aRU _bКН-П-21-038002 _9КН-П-21-2962 |
||
| 035 | _a(NLR Aleph) 012612522 | ||
| 090 |
_a12614143 _c12614143 |
||
| 100 | _a20211006d2021 k y0rusy50 ca | ||
| 101 | 0 |
_arus _aeng |
|
| 102 | _aRU | ||
| 105 | _ay|||z|||100zy | ||
| 181 | 0 |
_ai4 _baxxe |
|
| 182 | 0 | _an | |
| 200 | 1 |
_aСборник тезисов XVI Международной (XXV Всероссийской) Пироговской научной медицинской конференции студентов и молодых ученых _fФедеральное государственное бюджетное образовательное учреждение высшего образования "Российский национальный исследовательский медицинский университет имени Н.И. Пирогова" Министерства здравоохранения Российской Федерации, Студенческое научное общество РНИМУ имени Н.И. Пирогова |
|
| 203 |
_aТекст _bвизуальный _cнепосредственный |
||
| 210 |
_aМосква _cРНИМУ им. Н.И. Пирогова _d2021 |
||
| 215 |
_a99, [1] с. _d29 |
||
| 300 | _aНа обл.: XVI Международная (XXV Всероссийская) Пироговская научная медицинская конференция студентов и молодых ученых: сборник тезисов | ||
| 300 | _aЧасть текста парал. на рус. и англ. яз. | ||
| 512 | 1 |
_aXVI Международная (XXV Всероссийская) Пироговская научная медицинская конференция студентов и молодых ученых _eсборник тезисов |
|
| 606 | 1 |
_aМедицина _jТезисы докладов _2nlr_sh1 _2nlr_sh2 _3RU\NLR\AUTH\662895 |
|
| 606 | 1 |
_aМедицинская психология _jТезисы докладов _2nlr_sh1 _2nlr_sh2 _3RU\NLR\AUTH\6623396 |
|
| 686 | 1 | _aР.я431(0) | |
| 686 | 1 | _aЮ948я431 | |
| 710 | 1 | 2 |
_aМеждународная Пироговская научная медицинская конференция студентов и молодых ученых _d16 _f2021 _eМосква _3RU\NLR\AUTH\880552741 |
| 942 | _cBOOK | ||
| 980 | _aNB | ||